| 000 | 00553 a2200217 4500 | ||
|---|---|---|---|
| 005 | 20260409145112.0 | ||
| 008 | 260409b |||||||| |||| 00| 0 eng d | ||
| 020 |
_a9788120314955 _cRs. 495.00 |
||
| 040 | _aMAIN | ||
| 082 |
_a421.52 _bS75C(2) |
||
| 100 | _aSethi, J | ||
| 245 | _aCourse in phonetics and spoken English | ||
| 250 | _a2nd | ||
| 260 |
_bPHI Learning _aDelhi _c2025 |
||
| 300 | _aix, 221 | ||
| 650 | _aEnglish Language | ||
| 650 | _aEnglish Writing System | ||
| 650 | _aSpoken English | ||
| 700 | _aDhamija, P V | ||
| 942 | _cBK | ||
| 999 |
_c396458 _d396458 |
||